000 00959nam a22002777a 4500
003 DO-SdBNP
005 20230515121107.0
008 160411b 1991 sp |||| |||| 00| 0 spa d
020 _a8437600685
040 _aBPMSU
_bspa
_cBPMSU
082 4 _a862.5
_bG216c 1991
_222
100 1 _aGarcía Lorca, Federico,
_d1898-1936.
245 1 3 _aLa casa de Bernarda Alba /
_cFederico García Lorca.; edición Allen Josephs y Juan Caballero
250 _a18a. ed
260 _aMadrid :
_bCátedra,
_c1991
300 _a199 p. ;
_c19 cm
_b
490 0 _aLetras hispánicas,
_v43
590 _aInventariado, 2023/VM
600 1 4 _aGarcía Lorca, Federico,
_d1898-1936
_xCrítica e interpretación.
_c$d1898-1936 $x Crítica e interpretación. $2BLAAUTO
650 4 _aTeatro español
650 4 _aTragedia
_vTeatro
700 1 _aJosephs, Allen,
_eed.
700 1 _aCaballero, Juan,
_eed.
910 _aVMateo V. Control de calidad (BPMSU)
942 _2ddc
_cBK
999 _c9682
_d9682